Ukrainian Premier League 2025/26 First XI - Statistics

General Stats
  • This quiz has been taken 4 times
  • The average score is 48 of 176
Answer Stats
Club Position Nationality Player % Correct
Dynamo Kyiv FW Andriy Yarmolenko
75%
Dynamo Kyiv CM Mykola Shaparenko
75%
Dynamo Kyiv FW Vladyslav Vanat
75%
Shakhtar Donetsk AM Artem Bondarenko
50%
Dynamo Kyiv CB Denys Popov
50%
Shakhtar Donetsk AM Heorhiy Sudakov
50%
Shakhtar Donetsk FW Lassina Franck Traoré
50%
Dynamo Kyiv CM Oleksandr Pikhalyonok
50%
Dynamo Kyiv RB Oleksandr Tymchyk
50%
Dynamo Kyiv GK Ruslan Neshcheret
50%
Dynamo Kyiv CB Taras Mykhavko
50%
Dynamo Kyiv LB Vladyslav Dubinchak
50%
Dynamo Kyiv FW Vladyslav Kabayev
50%
Shakhtar Donetsk CB Alaa Ghram
25%
Shakhtar Donetsk RW Alisson
25%
Karpaty Lviv DM Ambrosiy Chachua
25%
Rukh Lviv RW Andrii Kitela
25%
FC Oleksandriya FW Andrii Kulakov
25%
Kudrivka AM Andrii Storchous
25%
Zorya Luhansk CB Andrija Janjić
25%
Epitsentr FW Andriy Boryachuk
25%
FK Kolos LB Andriy Tsurikov
25%
Kryvbas LB Ante Bekavac
25%
FC Oleksandriya CB Anton Bol
25%
Kudrivka GK Anton Yashkov
25%
FK Kolos FW Arinald Rrapaj
25%
FC Oleksandriya AM Artem Kozak
25%
Obolon-Brovar Kyiv CM Artem Kulakovskyi
25%
Kudrivka FW Artem Liehostaiev
25%
Kudrivka RB Artem Macheliuk
25%
Metalist 1925 CB Artem Shabanov
25%
Zorya Luhansk AM Artem Slesar
25%
Kudrivka DM Artur Dumaniuk
25%
Kryvbas AM Artur Mykytyshyn
25%
Rukh Lviv FW Baboucarr Faal
25%
Kryvbas CB Bakary Konaté
25%
Rukh Lviv LW Beknaz Almazbekov
25%
FC LNZ Cherkasy DM Bohdan Kushnirenko
25%
FC Polissya Zhytomyr DM Bohdan Liedniev
25%
FC Polissya Zhytomyr LB Bohdan Mykhaylychenko
25%
Rukh Lviv CB Bohdan Slyubyk
25%
FC Polissya Zhytomyr AM Borys Krushynskyi
25%
Karpaty Lviv DM Bruninho
25%
Kryvbas AM Carlos Paraco
25%
Kryvbas CB Carlos Rojas
25%
FK Kolos RM Daniil Alefirenko
25%
FC Oleksandriya RB Danil Skorko
25%
Metalist 1925 GK Danylo Varakuta
25%
Epitsentr AM Denis Yanakov
25%
Metalist 1925 LW Denys Antiukh
25%
SK Poltava LM Denys Halenkov
25%
FC LNZ Cherkasy RW Denys Kuzyk
25%
Obolon-Brovar Kyiv GK Denys Marchenko
25%
Karpaty Lviv LB Denys Miroshnichenko
25%
Kudrivka DM Denys Nahnoinyi
25%
Veres Rivne FW Denys Ndukwe
25%
Rukh Lviv DM Denys Pidgurskyi
25%
Obolon-Brovar Kyiv FW Denys Ustymenko
25%
FC LNZ Cherkasy GK Dmytro Ledvin
25%
FC Oleksandriya DM Dmytro Myshnyov
25%
SK Poltava CM Dmytro Plakhtyr
25%
Shakhtar Donetsk GK Dmytro Riznyk
25%
FK Kolos RB Eduard Kozik
25%
FC Polissya Zhytomyr CB Eduard Sarapii
25%
Shakhtar Donetsk LW Eguinaldo
25%
FK Kolos CM Elias Telles
25%
Metalist 1925 FW Ermir Rashica
25%
FC Oleksandriya DM Fernando Henrique
25%
Shakhtar Donetsk RB Giorgi Gocholeishvili
25%
Kryvbas FW Gleiker Mendoza
25%
FC LNZ Cherkasy RB Hennadiy Pasich
25%
FK Kolos LM Husol Artem
25%
Veres Rivne DM Ihor Kharatin
25%
Karpaty Lviv FW Ihor Krasnopir
25%
Zorya Luhansk RB Ihor Perduta
25%
FK Kolos CB Ilir Krasniqi
25%
Metalist 1925 RB Illia Krupskyi
25%
Shakhtar Donetsk LB Irakli Azarov
25%
Metalist 1925 DM Ivan Kaliuzhnyi
25%
FK Kolos GK Ivan Pakholyuk
25%
Zorya Luhansk CB Jakov Basic
25%
Kryvbas RB Jan Jurčec
25%
Karpaty Lviv CB Jean Pedroso
25%
FC LNZ Cherkasy LW Jewison Bennette
25%
Epitsentr AM Joaquin Cifuentes
25%
Zorya Luhansk LB Juninho
25%
Veres Rivne RB Konstantinos Stamoulis
25%
Obolon-Brovar Kyiv FW Kostiantyn Bychek
25%
Zorya Luhansk DM Kyrylo Dryshlyuk
25%
Obolon-Brovar Kyiv CM Maksym Chekh
25%
SK Poltava FW Maksym Marusych
25%
Kudrivka LB Maksym Melnychuk
25%
Veres Rivne LB Maksym Smiian
25%
Kryvbas AM Maksym Zaderaka
25%
FC LNZ Cherkasy FW Mark Assinor
25%
Metalist 1925 AM Matvii Panchenko
25%
FC Oleksandriya CB Miguel Ferreira Campos
25%
FC LNZ Cherkasy AM Muharrem Jashari
25%
SK Poltava RB Mykola Buzhyn
25%
FC Polissya Zhytomyr FW Mykola Gajduchyk
25%
Shakhtar Donetsk CB Mykola Matviyenko
25%
Dynamo Kyiv CM Mykola Mykhailenko
25%
Epitsentr AM Mykola Myronyuk
25%
FK Kolos CB Mykyta Burda
25%
SK Poltava LB Mykyta Kononov
25%
FC Polissya Zhytomyr RB Mykyta Kravchenko
25%
FC Oleksandriya GK Mykyta Shevchenko
25%
Karpaty Lviv GK Nazar Domchak
25%
FC LNZ Cherkasy CB Nazarii Muravskyi
25%
FK Kolos CM Nika Gagnidze
25%
Epitsentr DM Nil Coch
25%
Epitsentr GK Oleh Bilyk
25%
FC Polissya Zhytomyr GK Oleh Kudryk
25%
Shakhtar Donetsk DM Oleh Ocheretko
25%
Obolon-Brovar Kyiv CM Oleh Slobodian
25%
SK Poltava CB Oleh Veremiienko
25%
FC LNZ Cherkasy LB Oleksandr Drambaiev
25%
Kryvbas GK Oleksandr Kemkin
25%
Epitsentr LB Oleksandr Klymets
25%
Kudrivka AM Oleksandr Kozak
25%
Metalist 1925 LB Oleksandr Martyniuk
25%
FC Polissya Zhytomyr AM Oleksandr Nazarenko
25%
Zorya Luhansk GK Oleksandr Saputin
25%
SK Poltava FW Oleksandr Vivdych
25%
SK Poltava CM Oleksiy Khakhlov
25%
Rukh Lviv AM Ostap Prytula
25%
Karpaty Lviv DM Pablo Álvarez
25%
Karpaty Lviv RB Pavlo Polehenko
25%
Zorya Luhansk AM Petar Mićin
25%
Zorya Luhansk FW Pylyp Budkivskyi
25%
Metalist 1925 RW Ramik Hadzhyiev
25%
FC LNZ Cherkasy CB Roman Didyk
25%
Veres Rivne CB Roman Honcharenko
25%
Zorya Luhansk RW Roman Salenko
25%
Rukh Lviv LB Rostyslav Liakh
25%
FC Polissya Zhytomyr DM Ruslan Babenko
25%
Veres Rivne CB Semen Vovchenko
25%
Veres Rivne RW Sergiy Sten
25%
FC Oleksandriya AM Serhii Buletsa
25%
FC Polissya Zhytomyr CB Serhii Chobotenko
25%
Obolon-Brovar Kyiv RB Serhii Sukhanov
25%
Epitsentr CB Stepan Hryhorashchuk
25%
FC Polissya Zhytomyr DM Talles Costa
25%
FC Oleksandriya AM Tedi Cara
25%
FC Oleksandriya LB Théo Ndicka
25%
Veres Rivne GK Valentyn Horokh
25%
Obolon-Brovar Kyiv CB Valeriy Dubko
25%
Veres Rivne AM Valeriy Kucherov
25%
SK Poltava GK Valeriy Voskonyan
25%
Obolon-Brovar Kyiv CB Vasyl Kurko
25%
Veres Rivne AM Vitalii Boiko
25%
Rukh Lviv CB Vitalii Kholod
25%
Rukh Lviv RB Vitalii Roman
25%
Obolon-Brovar Kyiv CB Vladislav Pryimak
25%
Karpaty Lviv CB Vladyslav Babohlo
25%
Metalist 1925 AM Vladyslav Kalitvintsev
25%
Epitsentr CB Vladyslav Moroz
25%
Kudrivka CB Vladyslav Shapoval
25%
Veres Rivne LW Vladyslav Sharai
25%
Zorya Luhansk LW Vladyslav Vakula
25%
SK Poltava RM Volodymyr Odaryuk
25%
Epitsentr RB Volodymyr Tanchyk
25%
FC LNZ Cherkasy AM Vyacheslav Tankovskyi
25%
Karpaty Lviv AM Yan Kostenko
25%
Karpaty Lviv AM Yaroslav Karabin
25%
Kryvbas DM Yaroslav Shevchenko
25%
Kryvbas DM Yehor Tverdokhlib
25%
Kudrivka AM Yevhenii Morozko
25%
Rukh Lviv AM Yevhenii Pastukh
25%
Obolon-Brovar Kyiv LB Yevhenii Shevchenko
25%
SK Poltava CB Yevhen Misyura
25%
Metalist 1925 CB Yevhen Pavliuk
25%
Epitsentr DM Yevhen Zaporozhets
25%
Rukh Lviv GK Yurii Hereta
25%
Kudrivka CB Yurii Potimkov
25%
FK Kolos FW Yuriy Klymchuk
25%
No matching quizzes found
Score Distribution
Percent of People with Each Score
Percentile by Number Answered
Your Score History
You have not taken this quiz